[Event "Open B"]
[Site "Venezia ITA"]
[Date "1997.10.??"]
[Round "4"]
[White "Navarro, Emanuele"]
[Black "Cesaro, Giuliano"]
[Result "1/2-1/2"]
[WhiteElo "1684"]
[BlackElo "1884"]
[PlyCount "50"]
[EventDate "1997.10.31"]

1. d4 Nf6 2. Nf3 g6 3. c4 Bg7 4. Nc3 d5 5. cxd5 Nxd5 6. e4 Nxc3 7. bxc3 O-O 8.
Be2 c5 9. O-O Nc6 10. Be3 Qc7 11. Qc2 Bg4 12. Rfd1 Rac8 13. Rac1 cxd4 14. cxd4
Qb8 15. Qa4 Bd7 16. Qb3 Rfe8 17. Rb1 b6 18. Ba6 Rcd8 19. Bb5 Na5 20. Qa4 Bxb5
21. Qxb5 Rc8 22. Rbc1 Rxc1 23. Rxc1 Rc8 24. Qd7 Rxc1+ 25. Bxc1 Bf8 1/2-1/2

[Event "Open B"]
[Site "Venezia ITA"]
[Date "1997.10.??"]
[Round "4"]
[White "Onesto, Roberto"]
[Black "Friselle, Mirko"]
[Result "1/2-1/2"]
[WhiteElo "1776"]
[BlackElo "1604"]
[PlyCount "130"]
[EventDate "1997.10.31"]

1. d4 Nf6 2. Nf3 g6 3. Nc3 Bg7 4. e4 d6 5. Bg5 Bg4 6. Be2 O-O 7. O-O Nbd7 8. h3
Bxf3 9. Bxf3 e5 10. d5 a5 11. a4 Nc5 12. Qd2 Qd7 13. Ra2 Ne8 14. Be2 f5 15. f3
Nf6 16. Bxf6 Rxf6 17. Raa1 Raf8 18. b3 fxe4 19. fxe4 Rf4 20. Bd3 Bh6 21. Qe2
Rxf1+ 22. Rxf1 Rxf1+ 23. Kxf1 Bf4 24. Qg4 Qxg4 25. hxg4 c6 26. Ke2 Kf7 27. Bc4
Ke7 28. Kf3 g5 29. g3 Bd2 30. Nb1 Be1 31. Na3 Bb4 32. Nb1 Be1 33. Bd3 h6 34.
Na3 Nd7 35. Nc4 Nf6 36. Ne3 cxd5 37. exd5 Kd7 38. c4 Kc7 39. Nf5 h5 40. gxh5
Nxh5 41. Kg4 Nf6+ 42. Kxg5 Nd7 43. Kg4 Bd2 44. Kf3 Nc5 45. Bc2 Kd7 46. g4 Bg5
47. Ng3 Ke7 48. Nf5+ Kd7 49. Ng7 Ke7 50. Ke2 Kd7 51. Bf5+ Ke7 52. Bc2 Kd7 53.
Nf5 Kc7 54. Ng3 Kd7 55. Nh1 Ke7 56. Nf2 Kf6 57. Kf3 Bc1 58. Kg2 Kg5 59. Kf3 Bd2
60. Bd1 e4+ 61. Nxe4+ Nxe4 62. Kxe4 b6 63. Kd4 Bb4 64. Be2 Kf4 65. Kd3 Bc5
1/2-1/2

[Event "Open B"]
[Site "Venezia ITA"]
[Date "1997.10.??"]
[Round "4"]
[White "Pagin, Giacomo"]
[Black "Vianello, Enrico"]
[Result "1/2-1/2"]
[WhiteElo "1669"]
[BlackElo "1591"]
[PlyCount "68"]
[EventDate "1997.10.31"]

1. e4 c5 2. Nf3 Nc6 3. d4 cxd4 4. Nxd4 Nf6 5. Nc3 e5 6. Nde2 Bb4 7. a3 Ba5 8.
Qd3 h6 9. g3 a6 10. Bg2 b5 11. O-O Bb6 12. Be3 Ne7 13. Rad1 Bb7 14. Nd5 Nexd5
15. exd5 d6 16. Nc3 O-O 17. Ne4 Nxe4 18. Bxe4 Rc8 19. Bf5 Rb8 20. Rd2 Bc8 21.
Rc1 Bxf5 22. Qxf5 Qc8 23. Qd3 Qc4 24. b3 Qxd3 25. Rxd3 Rfc8 26. c4 bxc4 27.
Rdc3 Bxe3 28. fxe3 Rc5 29. bxc4 Rb2 30. R1c2 Rxc2 31. Rxc2 f5 32. Kf2 Kf7 33.
Ke2 Kf6 34. Kd3 g5 1/2-1/2

[Event "Open B"]
[Site "Venezia ITA"]
[Date "1997.10.??"]
[Round "4"]
[White "Scarpa, Arnaldo"]
[Black "Liubich, Fabrizio"]
[Result "0-1"]
[WhiteElo "1573"]
[BlackElo "1486"]
[PlyCount "62"]
[EventDate "1997.10.31"]

1. d4 Nf6 2. Nf3 g6 3. e3 Bg7 4. Bd3 d5 5. O-O O-O 6. Nbd2 Nbd7 7. Re1 c5 8. c3
b6 9. Nf1 Bb7 10. Ng3 Rc8 11. Qe2 Re8 12. e4 dxe4 13. Nxe4 cxd4 14. Nxd4 Nxe4
15. Bxe4 Bxe4 16. Qxe4 Nc5 17. Qe3 e5 18. Nf3 Qc7 19. Bd2 Rcd8 20. Re2 f6 21.
Ne1 Rd7 22. b4 Ne6 23. g3 Qc6 24. a4 Ng5 25. h4 Nf7 26. b5 Qc4 27. Qf3 Red8 28.
Re4 Qe6 29. Be3 f5 30. Rb4 e4 31. Qe2 Bxc3 0-1

[Event "Open B"]
[Site "Venezia ITA"]
[Date "1997.10.??"]
[Round "4"]
[White "Squarci, Franco"]
[Black "Pompili, Alberto"]
[Result "1-0"]
[WhiteElo "1528"]
[BlackElo "1812"]
[PlyCount "85"]
[EventDate "1997.10.31"]

1. d4 Nf6 2. Nf3 e6 3. Nbd2 d5 4. Ne5 c5 5. e3 Nc6 6. Ndf3 cxd4 7. exd4 Be7 8.
c3 Bd7 9. Bd3 Rc8 10. O-O O-O 11. Re1 a6 12. Re3 Bd6 13. Nd2 Bxe5 14. dxe5 Ne8
15. Bxh7+ Kxh7 16. Qh5+ Kg8 17. Rh3 f6 18. Nf3 Nxe5 19. Nxe5 fxe5 20. Qh7+ Kf7
21. Bh6 Qf6 22. Rf3 Qxf3 23. gxf3 Rg8 24. Bg5 Nd6 25. Qd3 e4 26. Qe3 exf3 27.
Qxf3+ Nf5 28. b3 Rh8 29. h4 Rh7 30. a4 Rch8 31. Qf4 Rc8 32. Qf3 Rch8 33. Rd1
Kg6 34. Qd3 Kf7 35. Qf3 Kg6 36. Rd3 Bc6 37. Qg4 Kf7 38. Rh3 Rh5 39. Qf4 Kg6 40.
Kf1 Rc8 41. Qe5 Bd7 42. Ke1 Kh7 43. Rg3 1-0

[Event "Open B"]
[Site "Venezia ITA"]
[Date "1997.10.??"]
[Round "4"]
[White "Stiz, Massimiliano"]
[Black "Litrico, Paolo"]
[Result "1-0"]
[WhiteElo "1561"]
[BlackElo "1570"]
[PlyCount "131"]
[EventDate "1997.10.31"]

1. e4 c5 2. Nc3 d6 3. g3 b6 4. Bg2 Bb7 5. Nge2 f5 6. O-O fxe4 7. Nxe4 d5 8. Ng5
e5 9. Ne6 Qe7 10. Nxf8 Qxf8 11. Re1 Nf6 12. d4 e4 13. Nf4 Qf7 14. Bh3 g6 15.
dxc5 Qe7 16. cxb6 axb6 17. Be3 Nbd7 18. Ne6 Nc5 19. Bxc5 bxc5 20. f3 Bc8 21.
fxe4 dxe4 22. Ng5 Bxh3 23. Nxh3 O-O 24. Qe2 Rae8 25. Qc4+ Qe6 26. Qxe6+ Rxe6
27. Re2 Re5 28. a4 Ra8 29. b3 Ra5 30. Rae1 Ra8 31. Nf2 Rae8 32. a5 c4 33. b4 e3
34. Nd1 Ng4 35. h3 Nf2 36. Nxf2 exf2+ 37. Kxf2 Rf5+ 38. Kg2 Ref8 39. a6 R8f7
40. Ra1 Ra7 41. Re8+ Kf7 42. Rb8 Re5 43. Rb7+ Rxb7 44. axb7 Rb5 45. Ra7 Ke6 46.
c3 Kd6 47. b8=Q+ Rxb8 48. Rxh7 g5 49. Rg7 Re8 50. Rxg5 Re3 51. h4 Rxc3 52. h5
Rb3 53. h6 c3 54. Rc5 Rxb4 55. Rxc3 Ra4 56. Rf3 Ke6 57. Kh3 Ke5 58. Rf8 Ra7 59.
g4 Ra6 60. g5 Ra1 61. Kg4 Rh1 62. Re8+ Kd6 63. Kf5 Kd7 64. Re4 Ra1 65. h7 Ra8
66. g6 1-0

[Event "Open B"]
[Site "Venezia ITA"]
[Date "1997.10.??"]
[Round "4"]
[White "Zarpellon, Daniele"]
[Black "Mantovanelli, Andrea"]
[Result "1/2-1/2"]
[WhiteElo "1570"]
[BlackElo "1540"]
[PlyCount "80"]
[EventDate "1997.10.31"]

1. e4 c6 2. d4 d5 3. exd5 cxd5 4. Bd3 Nf6 5. a3 Nc6 6. c3 e6 7. Bf4 Bd6 8. Bxd6
Qxd6 9. Nf3 b6 10. O-O O-O 11. Re1 h6 12. Ne5 a5 13. Nd2 Nd7 14. Ndf3 Ba6 15.
Bc2 Rfe8 16. Qd2 Ncxe5 17. dxe5 Qe7 18. Nd4 Rac8 19. f4 Rc7 20. Qf2 Nc5 21.
Rad1 Qd7 22. f5 b5 23. f6 g6 24. Qh4 Kh7 25. Nf3 Rh8 26. Rd4 Kg8 27. Qg3 Kf8
28. h4 Ke8 29. h5 g5 30. Nxg5 hxg5 31. Qxg5 Kd8 32. h6 Qe8 33. h7 b4 34. Qg7
bxc3 35. bxc3 Kd7 36. Rg4 Bd3 37. Bxd3 Nxd3 38. Re3 Nc5 39. Qg8 Rc8 40. Qg7 Ne4
1/2-1/2

[Event "Open B"]
[Site "Venezia ITA"]
[Date "1997.10.??"]
[Round "5"]
[White "Cattaneo, Ugo"]
[Black "Malnich, Riccardo"]
[Result "1/2-1/2"]
[WhiteElo "1737"]
[BlackElo "1732"]
[PlyCount "29"]
[EventDate "1997.10.31"]

1. e4 c6 2. d4 d5 3. Nc3 dxe4 4. Nxe4 Bf5 5. Ng3 Bg6 6. Nf3 Nf6 7. Bd3 Bxd3 8.
Qxd3 e6 9. c4 Bb4+ 10. Bd2 Qa5 11. a3 Bxd2+ 12. Qxd2 Qxd2+ 13. Nxd2 Nbd7 14.
Nde4 Nxe4 15. Nxe4 1/2-1/2

[Event "Open B"]
[Site "Venezia ITA"]
[Date "1997.10.??"]
[Round "5"]
[White "De Bortoli, Maicol"]
[Black "Maccapan, Fabio"]
[Result "0-1"]
[WhiteElo "1729"]
[BlackElo "1837"]
[PlyCount "82"]
[EventDate "1997.10.31"]

1. d4 d5 2. c4 e6 3. Nc3 c5 4. e3 Nf6 5. Nf3 Nc6 6. Be2 a6 7. O-O Bd6 8. dxc5
Bxc5 9. a3 O-O 10. b4 Bd6 11. Bb2 dxc4 12. Bxc4 b5 13. Bd3 Bb7 14. Qe2 Rc8 15.
Rfd1 Qc7 16. Ne4 Nxe4 17. Bxe4 f5 18. Bxc6 Bxc6 19. Ng5 Qe7 20. Qh5 h6 21. Rxd6
hxg5 22. Qg6 Bd5 23. Bd4 Ra8 24. Bc5 Qf6 25. Qxf6 gxf6 26. Rxd5 exd5 27. Bxf8
Kxf8 28. Rc1 a5 29. bxa5 Rxa5 30. Ra1 Ke7 31. Kf1 Kd6 32. Ke2 Ke5 33. Kd3 Ra4
34. Kc3 f4 35. Re1 Rxa3+ 36. Kb4 Ra2 37. exf4+ Kxf4 38. Kc5 Rxf2 39. Kxd5 Rxg2
40. Ke6 Rxh2 41. Kxf6 Rh6+ 0-1

[Event "Open B"]
[Site "Venezia ITA"]
[Date "1997.10.??"]
[Round "5"]
[White "Donisi, Pietro"]
[Black "Zappi, Adriano"]
[Result "1-0"]
[WhiteElo "1600"]
[BlackElo "1587"]
[PlyCount "109"]
[EventDate "1997.10.31"]

1. d4 d6 2. c4 g6 3. Nc3 Bg7 4. e4 c6 5. f3 Nd7 6. Be3 Qc7 7. Qd2 e5 8. Nge2 a6
9. d5 c5 10. Nc1 Nb6 11. a4 Bd7 12. a5 Nc8 13. Nb3 f5 14. Be2 f4 15. Bf2 Nf6
16. O-O O-O 17. Rfb1 Na7 18. Na4 Bxa4 19. Rxa4 b5 20. axb6 Qxb6 21. Nc1 Rfb8
22. b4 Nd7 23. Rba1 Nc8 24. b5 a5 25. Rxa5 Rxa5 26. Rxa5 Bf6 27. Nb3 Bd8 28.
Ra6 Qb7 29. Qa2 Kf8 30. Be1 Ke8 31. Ba5 Ndb6 32. Bxb6 Bxb6 33. Na5 Bxa5 34.
Qxa5 g5 35. b6 h5 36. h3 Nxb6 37. Ra7 Qc8 38. Rh7 Nd7 39. Qa4 Qb7 40. Rh8+ Ke7
41. Rxh5 Ra8 42. Rh7+ Kf6 43. Qxd7 Qxd7 44. Rxd7 Ra6 45. Kf2 Kg6 46. Rc7 Kf6
47. Rc6 Rxc6 48. dxc6 Ke7 49. Bd1 Kd8 50. Ba4 Kc7 51. g3 Kb6 52. gxf4 exf4 53.
Ke2 Ka6 54. Kd3 Ka7 55. e5 1-0

[Event "Open B"]
[Site "Venezia ITA"]
[Date "1997.10.??"]
[Round "5"]
[White "Friselle, Mirko"]
[Black "Pomaro, Stefano"]
[Result "1/2-1/2"]
[WhiteElo "1604"]
[BlackElo "1568"]
[PlyCount "46"]
[EventDate "1997.10.31"]

1. e4 c6 2. d4 d5 3. Nc3 dxe4 4. Nxe4 Nf6 5. Ng3 h5 6. h4 Bg4 7. Be2 e6 8. Nf3
Bd6 9. Nf1 Nbd7 10. c3 Nd5 11. Ne3 Nf4 12. g3 Nxe2 13. Qxe2 Bxf3 14. Qxf3 Qf6
15. Qxf6 Nxf6 16. Nc4 Bc7 17. Ne5 Nd7 18. Bf4 Nxe5 19. Bxe5 Bxe5 20. dxe5 Ke7
21. Ke2 Rhd8 22. Rad1 Rd5 23. Rxd5 cxd5 1/2-1/2

[Event "Open B"]
[Site "Venezia ITA"]
[Date "1997.10.??"]
[Round "5"]
[White "Liubich, Fabrizio"]
[Black "Cosma, Bruno"]
[Result "1-0"]
[WhiteElo "1486"]
[BlackElo "1701"]
[PlyCount "63"]
[EventDate "1997.10.31"]

1. d4 g6 2. c4 Bg7 3. Nc3 d6 4. e4 c6 5. Nge2 Nd7 6. Ng3 e5 7. d5 c5 8. Be2 Ne7
9. h4 h6 10. Qd3 a6 11. a4 b6 12. Bd2 Nf6 13. Nd1 a5 14. Ne3 Bd7 15. f3 h5 16.
b3 Bh6 17. Ngf1 Qc8 18. Nh2 Bf4 19. Nhf1 Kf8 20. g3 Bh6 21. Nh2 Kg7 22. Rg1 Rb8
23. O-O-O Neg8 24. g4 Bf4 25. Nhf1 hxg4 26. h5 Rxh5 27. fxg4 Rh8 28. Ng3 Ne7
29. g5 Nh7 30. Nc2 Bxd2+ 31. Qxd2 Bg4 32. Bxg4 1-0

[Event "Open B"]
[Site "Venezia ITA"]
[Date "1997.10.??"]
[Round "5"]
[White "Mantovanelli, Andrea"]
[Black "Carlassara, Renato"]
[Result "0-1"]
[WhiteElo "1540"]
[BlackElo "1573"]
[PlyCount "80"]
[EventDate "1997.10.31"]

1. d4 d5 2. c4 e6 3. Nc3 Nf6 4. Bg5 Nbd7 5. e3 Be7 6. Nf3 O-O 7. Bd3 dxc4 8.
Bxc4 c5 9. dxc5 Nxc5 10. O-O h6 11. Bh4 b6 12. Qxd8 Bxd8 13. Rad1 Bb7 14. Ne5
Nfe4 15. Bxd8 Nxc3 16. bxc3 Rfxd8 17. Rd4 Rxd4 18. cxd4 Ne4 19. Rc1 Rc8 20. f3
Nd6 21. Rc2 Nxc4 22. Rxc4 Rxc4 23. Nxc4 Bd5 24. Nd6 Bxa2 25. Nc8 b5 26. Nxa7 b4
27. Nb5 b3 28. Kf2 b2 29. Nc3 b1=Q 30. Nxb1 Bxb1 31. e4 Ba2 32. Ke3 Kf8 33. g3
f6 34. Kd3 Ke7 35. Kc3 Kd6 36. Kb4 f5 37. e5+ Kd5 38. Kc3 g5 39. Kd3 f4 40. Kc3
Bc4 0-1

[Event "Open B"]
[Site "Venezia ITA"]
[Date "1997.10.??"]
[Round "5"]
[White "Pechy, Alaster"]
[Black "Stiz, Massimiliano"]
[Result "1-0"]
[WhiteElo "1624"]
[BlackElo "1561"]
[PlyCount "61"]
[EventDate "1997.10.31"]

1. b3 e5 2. Bb2 Nc6 3. c4 d6 4. Nc3 f5 5. e3 Nf6 6. d4 e4 7. d5 Ne5 8. Be2 Bd7
9. Qd4 b6 10. O-O-O Qe7 11. h3 O-O-O 12. Kb1 g6 13. f3 exf3 14. Nxf3 Nxf3 15.
Bxf3 Bg7 16. Qd3 Rde8 17. Rde1 h5 18. Ka1 Bh6 19. e4 Rhf8 20. c5 fxe4 21. Qa6+
Kd8 22. c6 Bc8 23. Qxa7 Qf7 24. Nxe4 Nxe4 25. Bxe4 Qf2 26. Qa4 Rf4 27. Qb4 Qh4
28. Qd2 Rfxe4 29. Rxe4 Qxe4 30. Qxh6 Qxg2 31. Bf6+ 1-0

[Event "Open B"]
[Site "Venezia ITA"]
[Date "1997.10.??"]
[Round "5"]
[White "Pelosin, Matteo"]
[Black "Onesto, Roberto"]
[Result "1-0"]
[WhiteElo "1600"]
[BlackElo "1776"]
[PlyCount "75"]
[EventDate "1997.10.31"]

1. e4 c5 2. Nf3 Nc6 3. d4 cxd4 4. Nxd4 Nf6 5. Nc3 e5 6. Ndb5 d6 7. Bg5 a6 8.
Na3 b5 9. Nd5 Be7 10. Bxf6 Bxf6 11. c3 Bg5 12. Nc2 O-O 13. Be2 f5 14. Bf3 f4
15. O-O Ra7 16. Bg4 Raf7 17. Bxc8 Qxc8 18. Ne1 Qe6 19. Nf3 Bh6 20. h3 g5 21.
Nh2 Qg6 22. f3 Qe6 23. Ng4 Bg7 24. a4 Ne7 25. Nc7 Qd7 26. Nd5 Kh8 27. Nxe7 Rxe7
28. Qb3 Rd8 29. Rfd1 Qc6 30. axb5 axb5 31. Rd5 Rb7 32. Rad1 Qb6+ 33. Kf1 h5 34.
Nf2 Rdd7 35. Qb4 Bf8 36. Rxe5 dxe5 37. Qxf8+ Kh7 38. Qf5+ 1-0

[Event "Open B"]
[Site "Venezia ITA"]
[Date "1997.10.??"]
[Round "5"]
[White "Pompili, Alberto"]
[Black "Martinez, Guido"]
[Result "1-0"]
[WhiteElo "1812"]
[BlackElo "1735"]
[PlyCount "145"]
[EventDate "1997.10.31"]

1. d4 d5 2. c4 e6 3. Nc3 c6 4. Nf3 dxc4 5. a4 Bb4 6. e4 Nf6 7. Qc2 Qa5 8. Bd2
b5 9. Be2 Bxc3 10. bxc3 Qc7 11. O-O O-O 12. Rfb1 Bd7 13. e5 Nd5 14. Ng5 f5 15.
Bf3 h6 16. Bxd5 hxg5 17. Bf3 g4 18. Be2 Qd8 19. Qc1 Kf7 20. Bg5 Qe8 21. f3 g3
22. hxg3 Bc8 23. Qb2 a6 24. Kf2 Ra7 25. axb5 cxb5 26. Bxc4 Rc7 27. Be2 Nd7 28.
Rh1 Nb6 29. Bd2 Nc4 30. Bxc4 Rxc4 31. Rh4 Rh8 32. Rah1 Rxh4 33. gxh4 Qc6 34. h5
Ke8 35. h6 gxh6 36. Rxh6 b4 37. Rh8+ Kd7 38. Rh7+ Ke8 39. Bg5 Qb6 40. Re7+ Kf8
41. Bf6 Rc7 42. Rxc7 Qxc7 43. Qxb4+ Ke8 44. c4 Bb7 45. Ke3 Kf7 46. Kd3 Bc6 47.
Kc3 Bb7 48. Qa4 Qc8 49. Kd3 Bc6 50. Qb4 Qe8 51. Qb6 Qc8 52. Qd8 Qxd8 53. Bxd8
Kg6 54. Kc3 Kf7 55. Kb4 Ke8 56. Ba5 Kd7 57. Kc5 Ba4 58. d5 exd5 59. cxd5 Bb5
60. g4 f4 61. Bd2 Be2 62. g5 Bxf3 63. Bxf4 Be4 64. e6+ Ke8 65. Bd2 Ke7 66. Bc3
Bf5 67. d6+ Kxe6 68. Kc6 Kf7 69. Kb7 Ke6 70. Kc7 Kf7 71. Bb4 Ke8 72. g6 Kf8 73.
d7+ 1-0

[Event "Open B"]
[Site "Venezia ITA"]
[Date "1997.10.??"]
[Round "5"]
[White "Rabboni, Luca"]
[Black "Squarci, Franco"]
[Result "1-0"]
[WhiteElo "1714"]
[BlackElo "1528"]
[PlyCount "53"]
[EventDate "1997.10.31"]

1. e4 Nf6 2. e5 Nd5 3. d4 d6 4. Nf3 Bg4 5. exd6 cxd6 6. Bc4 Nf6 7. Nc3 d5 8.
Bb5+ Nc6 9. h3 Bxf3 10. Qxf3 e6 11. Bf4 Be7 12. O-O-O O-O 13. g4 Qb6 14. Be5
Nxe5 15. dxe5 Ne4 16. Nxe4 dxe4 17. Qe2 Bg5+ 18. Kb1 Rfd8 19. Bc4 Qc6 20. c3
Rac8 21. Bb3 Rd3 22. Bc2 Rxd1+ 23. Rxd1 g6 24. Bxe4 Qb6 25. Qf3 Rd8 26. Rxd8+
Qxd8 27. Bd3 1-0

[Event "Open B"]
[Site "Venezia ITA"]
[Date "1997.10.??"]
[Round "5"]
[White "Trangoni, Bruno"]
[Black "Chiodini, Pietro"]
[Result "1/2-1/2"]
[WhiteElo "1662"]
[BlackElo "1570"]
[PlyCount "103"]
[EventDate "1997.10.31"]

1. f4 d5 2. Nf3 c5 3. g3 Nf6 4. Bg2 Nc6 5. d3 g6 6. c3 Bg7 7. Qc2 Bf5 8. O-O
Rc8 9. Nh4 d4 10. Nxf5 gxf5 11. Nd2 e6 12. a4 b6 13. Qb3 O-O 14. Nc4 Nd5 15.
Bd2 a6 16. Rfe1 Rb8 17. e4 dxe3 18. Nxe3 Nce7 19. Rad1 b5 20. a5 b4 21. Qc4 Rb5
22. Ra1 Qd6 23. d4 cxd4 24. cxd4 Rc8 25. Qd3 Nxe3 26. Bxe3 Rc7 27. Qd2 Nd5 28.
Bf2 b3 29. Rec1 Rbb7 30. Ra4 Rxc1+ 31. Qxc1 Rb4 32. Rxb4 Nxb4 33. Qc8+ Bf8 34.
Bf1 Qd5 35. Bc4 Qxa5 36. Bxb3 Qa1+ 37. Kg2 Qxb2 38. Bc4 Qb1 39. h4 a5 40. d5
exd5 41. Bc5 Qb2+ 42. Kh3 Qg7 43. Bb5 d4 44. Qd8 d3 45. Kg2 d2 46. Ba4 Nd3 47.
Bxf8 Ne1+ 48. Kf2 Qxf8 49. Qxd2 Qb4 50. Qxb4 Nd3+ 51. Ke3 Nxb4 52. Kd4 1/2-1/2

[Event "Open B"]
[Site "Venezia ITA"]
[Date "1997.10.??"]
[Round "5"]
[White "Ventura, Paolo"]
[Black "Navarro, Emanuele"]
[Result "0-1"]
[WhiteElo "1575"]
[BlackElo "1684"]
[PlyCount "110"]
[EventDate "1997.10.31"]

1. d4 e6 2. c4 Nf6 3. Nc3 Bb4 4. e3 c5 5. a3 Bxc3+ 6. bxc3 d5 7. Nf3 O-O 8. Bd3
Qc7 9. Qe2 b6 10. O-O Bb7 11. cxd5 exd5 12. Bb2 Nbd7 13. a4 Rfe8 14. h3 Ne4 15.
Nh2 Ndf6 16. Ng4 Re6 17. Nxf6+ Rxf6 18. c4 dxc4 19. Bxc4 Rg6 20. d5 Qd7 21. Qh5
Nd2 22. Bb5 Qxd5 23. Qxd5 Bxd5 24. g4 Nxf1 25. Kxf1 a6 26. Bd3 Rc6 27. e4 Be6
28. f4 c4 29. Bc2 c3 30. Ba3 Rd8 31. e5 Rd2 32. Rc1 Bd5 33. Ke1 Rc4 34. Rd1
Rxd1+ 35. Kxd1 Rxf4 36. Ke2 Rd4 37. Bc1 b5 38. axb5 axb5 39. Ke3 Rc4 40. Bd3
Rb4 41. Bc2 Be6 42. Kd3 Rc4 43. Bb3 Rc6 44. Bc2 b4 45. Ba4 Rc7 46. Kc2 Kf8 47.
Be3 b3+ 48. Bxb3 Bxb3+ 49. Kxb3 c2 50. Bc1 Ke7 51. Kb2 Ke6 52. Bf4 Rc8 53. h4
Kd5 54. h5 Ke4 55. Bh2 c1=Q+ 0-1

[Event "Open B"]
[Site "Venezia ITA"]
[Date "1997.10.??"]
[Round "5"]
[White "Vianello, Enrico"]
[Black "Luisetto, Alessandro"]
[Result "1/2-1/2"]
[WhiteElo "1591"]
[BlackElo "1798"]
[PlyCount "135"]
[EventDate "1997.10.31"]

1. d4 d5 2. c4 c6 3. Nf3 Nf6 4. Nc3 e6 5. Bg5 dxc4 6. e4 b5 7. e5 h6 8. Bh4 g5
9. Nxg5 hxg5 10. Bxg5 Nbd7 11. g3 Be7 12. exf6 Bxf6 13. Bxf6 Nxf6 14. Bg2 Nd5
15. O-O Bb7 16. Ne4 Qc7 17. a4 O-O-O 18. axb5 cxb5 19. Nc5 Qb6 20. Re1 a5 21.
b3 c3 22. Qc2 Bc6 23. Bxd5 Rxd5 24. Qxc3 Rxh2 25. f3 Rdh5 26. Ne4 Kb8 27. Rec1
b4 28. Qc4 Bb7 29. Nf6 Rh1+ 30. Kf2 R1h2+ 31. Kf1 Ka7 32. Kg1 Rh1+ 33. Kf2
R1h2+ 34. Kg1 Rh1+ 35. Kf2 R5h2+ 36. Ke3 Rxc1 37. Rxc1 Qd6 38. Qb5 Ba6 39. Qd7+
Qxd7 40. Nxd7 Kb7 41. Nc5+ Kb6 42. Nd7+ Kb7 43. Nc5+ Ka7 44. Na4 Bb5 45. Nc5
Kb6 46. g4 Bc6 47. Rd1 Rc2 48. Rd3 Bb5 49. Rd2 Rc3+ 50. Kf4 Bc6 51. Na4+ Bxa4
52. bxa4 Kc6 53. g5 Kd5 54. Rh2 Kxd4 55. Rh7 e5+ 56. Kg4 Kd5 57. Rxf7 Ke6 58.
Rf6+ Ke7 59. Ra6 Rc4+ 60. Kf5 b3 61. Rxa5 Rb4 62. Rxe5+ Kf7 63. g6+ Kg7 64.
Re7+ Kg8 65. Re1 Rxa4 66. Kf6 Rf4+ 67. Kg5 Rxf3 68. Re8+ 1/2-1/2

[Event "Open B"]
[Site "Venezia ITA"]
[Date "1997.10.??"]
[Round "5"]
[White "Zangrando, Gianpietro"]
[Black "Pagin, Giacomo"]
[Result "0-1"]
[WhiteElo "1719"]
[BlackElo "1669"]
[PlyCount "96"]
[EventDate "1997.10.31"]

1. Nf3 Nf6 2. d4 d5 3. c4 e6 4. Nc3 Be7 5. h3 b6 6. Bf4 Bb7 7. e3 O-O 8. Be2
Nbd7 9. O-O c5 10. cxd5 exd5 11. Rc1 Re8 12. Nb5 Rf8 13. Bc7 Qc8 14. Bh2 Qc6
15. Nc7 Ne4 16. Nxa8 Bxa8 17. dxc5 bxc5 18. Nd4 Qf6 19. Nb5 Qxb2 20. Rc2 Qf6
21. Nc7 Nb6 22. Nxa8 Rxa8 23. Bf3 Rd8 24. Qa1 Qg6 25. Qb1 Ng5 26. Bg4 h5 27.
Be2 Nxh3+ 28. Kh1 Ng5 29. Qd1 Qh6 30. Bf4 Bd6 31. Bxd6 Qxd6 32. f4 Ne4 33. Rf3
g6 34. Qe1 c4 35. Qh4 Qf6 36. Qxf6 Nxf6 37. f5 g5 38. Rf1 g4 39. Rd1 Re8 40.
Rc3 Ne4 41. Rc2 Nf2+ 42. Kg1 Nxd1 43. Bxd1 Rxe3 44. Kf2 d4 45. Rd2 g3+ 46. Kf1
d3 47. Bxh5 c3 48. Rd1 d2 0-1

[Event "Open B"]
[Site "Venezia ITA"]
[Date "1997.10.??"]
[Round "6"]
[White "Del Monaco, Andrea"]
[Black "Pagin, Giacomo"]
[Result "1-0"]
[WhiteElo "1766"]
[BlackElo "1669"]
[PlyCount "55"]
[EventDate "1997.10.31"]

1. e4 e5 2. Nf3 Nc6 3. Bb5 a6 4. Ba4 Nf6 5. O-O Be7 6. Re1 b5 7. Bb3 d6 8. c3
O-O 9. h3 Bb7 10. d4 Re8 11. Nbd2 Bf8 12. a4 Nb8 13. Ng5 Re7 14. f4 Nbd7 15.
fxe5 dxe5 16. Ndf3 h6 17. Nxf7 Rxf7 18. dxe5 Nxe4 19. e6 Bc5+ 20. Be3 Re7 21.
exd7+ Kh8 22. Bxc5 Nxc5 23. Ne5 Rxe5 24. Rxe5 Nxd7 25. Re2 c5 26. axb5 axb5 27.
Rxa8 Bxa8 28. Be6 1-0

[Event "Open B"]
[Site "Venezia ITA"]
[Date "1997.10.??"]
[Round "6"]
[White "Maccapan, Fabio"]
[Black "Rabboni, Luca"]
[Result "1-0"]
[WhiteElo "1837"]
[BlackElo "1714"]
[PlyCount "92"]
[EventDate "1997.10.31"]

1. e4 e5 2. Nf3 Nc6 3. Bb5 a6 4. Ba4 Nf6 5. Nc3 Bc5 6. Bxc6 dxc6 7. d3 Qe7 8.
Bg5 Bg4 9. h3 Bd7 10. Qe2 O-O-O 11. O-O-O Bd4 12. Qd2 Be6 13. Bxf6 gxf6 14. Kb1
c5 15. Nxd4 cxd4 16. Ne2 b5 17. f4 c5 18. f5 Bd7 19. b3 Kb7 20. Ka1 Rc8 21. c4
dxc3 22. Nxc3 Bc6 23. Qc2 Rc7 24. Rd2 Rd8 25. Nd1 Qd6 26. Nf2 a5 27. Rc1 Kb6
28. Qb2 Be8 29. Rdc2 Ra8 30. a3 Raa7 31. g4 Ra8 32. Kb1 Rac8 33. Ka1 Ka6 34.
Kb1 a4 35. b4 Kb6 36. bxc5+ Rxc5 37. Qb4 R8c6 38. Rxc5 Rxc5 39. Kb2 Rc6 40.
Qxd6 Rxd6 41. Rc8 Bc6 42. Rh8 Kc5 43. Kc3 Rd4 44. Rxh7 b4+ 45. axb4+ Rxb4 46.
Rh8 a3 1-0

[Event "Open B"]
[Site "Venezia ITA"]
[Date "1997.10.??"]
[Round "6"]
[White "Navarro, Emanuele"]
[Black "Zotti, Enrico"]
[Result "0-1"]
[WhiteElo "1684"]
[BlackElo "1671"]
[PlyCount "64"]
[EventDate "1997.10.31"]

1. d4 Nf6 2. Nf3 g6 3. c4 Bg7 4. Nc3 O-O 5. e4 d6 6. Be2 e5 7. d5 c6 8. Bg5
cxd5 9. cxd5 Nbd7 10. Nd2 h6 11. Bh4 a6 12. a4 g5 13. Bg3 Re8 14. O-O Nf8 15.
Nc4 Ng6 16. b4 Nf4 17. b5 axb5 18. Nxb5 Nxe4 19. Bf3 Bf5 20. Bxe4 Bxe4 21.
Nbxd6 Bxd5 22. Bxf4 Bxc4 23. Nxe8 Qxe8 24. Be3 Bxf1 25. Kxf1 e4 26. Ra2 Qe6 27.
Qe2 b5 28. a5 b4 29. Bb6 b3 30. Ra4 b2 31. Qc2 Rc8 32. Bc5 Rxc5 0-1